000
00297nam a22001337a 4500
008
170815b xxu||||| |||| 00| 0 eng d
020
_a
020103803-X
041
_a
eng
080
_a
004
100
_a
35
101
_a
SHK
245
_a
THE ART OFCOMPUTER PROGRAMMING
_c
VARGA,H.S
942
_2
udc
_c
BK
999
_c
23585
_d
23585